Statistics for Country Tile Select #2: 5 Tiles in 30 Seconds

Click here to take the quiz!

General Stats

  • This quiz has been taken 33 times
  • The average score is 36 of 45

Answer Stats

QuestionTileSelect% Correct
CountriesAbkhaziaNo
100%
CountriesHong KongNo
100%
CountriesLuzonNo
100%
CountriesNiueNo
100%
CountriesUnited StatesYes
100%
CountriesCanadaYes
96%
CountriesEgyptYes
96%
CountriesHispaniolaNo
96%
CountriesIslamabadNo
96%
CountriesKazakhstanYes
96%
CountriesKinshasaNo
96%
CountriesMacauNo
96%
CountriesNassauNo
96%
CountriesRussiaYes
96%
CountriesCairoNo
92%
CountriesFrench GuianaNo
92%
CountriesNew YorkNo
92%
CountriesSardiniaNo
92%
CountriesUkraineYes
92%
CountriesArubaNo
88%
CountriesFalkland IslandsNo
88%
CountriesOmanYes
88%
CountriesPuerto RicoNo
85%
CountriesBermudaNo
81%
CountriesVanuatuYes
81%
CountriesZambiaYes
81%
CountriesEaster IslandNo
73%
CountriesFloridaNo
73%
CountriesGaza StripNo
73%
CountriesGreat BritainNo
73%
CountriesMeccaNo
73%
CountriesNew CaledoniaNo
73%
CountriesSri LankaYes
73%
CountriesVenezuelaYes
73%
CountriesWellingtonNo
73%
CountriesSomaliaYes
69%
CountriesAccraNo
50%
CountriesGalapagos IslandsNo
50%
CountriesOkinawaNo
50%
CountriesSocotraNo
50%
CountriesTunisNo
50%
CountriesTurkmenistanYes
50%
CountriesUlaanbaatarNo
50%
CountriesBhutanYes
35%
CountriesFijiYes
35%

Score Distribution

Percentile by Number Answered

Percent of People with Each Score

Your Score History

You have not taken this quiz